Les catégories de "meilleur ouvrier de France" 4 - Statistiques

Statistiques générales
  • Ce quiz a été pris 4 fois
  • Le résultat moyen est 8 sur 29
Statistiques - réponses
Groupe 1 Métiers de la gravure Initiale Réponse % Correct
Soigne les chevaux M {Maréchal}-ferrant
100%
Dessin animé I Métiers de l'{image} animée
100%
Art du cliché P Photographie
100%
Décorative O Gravure {ornementale} taille douce
67%
Reproduction I Imprimerie
67%
Fabrication de grattes G Lutherie {guitare}
67%
Domaine de la vision O Actions commerciales en {optique} et en lunetterie
33%
Composition de bouquets... A Art {floral}
33%
Ecriture soignée C Calligraphie
33%
Par précaution on peut y avoir recours S Conseil-expertise en {sécurité} alimentaire
33%
Rend brillant D Dorure
33%
Art du blason H Gravure en modelé {héraldique}
33%
Cliché informatique I Imagerie {numérique}
33%
Empaillage T Taxidermie
33%
Coiffure pour chiens T {Toilettage} animalier
33%
Ornementation D Vendeur conseil en produits de finition et {décoration}
33%
Espace extérieur organisé J Art des jardins {paysagés}
0%
Art du sellier campagnard B Bourrellerie
0%
Orne la partie visible D Dorure sur {tranche}
0%
Recouvrir du métal E Emaillage
0%
Illustration d'incunables E Enluminure
0%
Sur pierre fine G Glyptique
0%
Assemblage d'éléments G Graphisme
0%
Sur métal C Gravure sur {cuivre} et acier pour impression
0%
Fabrication de classiques T Instruments {traditionnels}
0%
Fabrication de violons et d'accessoires L Lutherie {archèterie}
0%
Rassemble les cahiers R Reliure
0%
Manifestation de l'énergie E Technico commercial conseil en solutions d'efficacité {énergétiques}
0%
Relatif à la santé publique S Technico commercial en solutions {sanitaires} ou énergétiques
0%
Aucun quiz correspondant
Distribution des résultats
% des personnes avec chaque résultat
Percentile par nombre de réponses
Votre historique - résultats
Vous n’avez pas pris ce quiz